Statistics for 2015 Mens ATP Tennis Winners

Click here to take the quiz!

General Stats

  • This quiz has been taken 325 times
  • The average score is 6 of 7

Answer Stats

tournamentwinner% Correct
Australian Open & 10 orsNovak Djokovic
100%
German OpenRafael Nadal
99%
Cincinnati Masters & 3 orsRoger Federer
99%
French Open & 2 orsStan Wawrinka
96%
Madrid Open & 2 orsAndy Murray
95%
Rio Open & 2 orsDavid Ferrer
65%
Barcelona Open & 1 orKei Nishikori
60%

Score Distribution

Percentile by Number Answered

Percent of People with Each Score

Your Score History

You have not taken this quiz